Neuropsychodiagnosis in psychotherapy / (Record no. 183170)
[ view plain ]
| 000 -LEADER | |
|---|---|
| fixed length control field | 00970 a2200277 4500 |
| 003 - CONTROL NUMBER IDENTIFIER | |
| control field | Nust |
| 005 - DATE AND TIME OF LATEST TRANSACTION | |
| control field | 20221017134229.0 |
| 010 ## - LIBRARY OF CONGRESS CONTROL NUMBER | |
| LC control number | 80019415 |
| 020 ## - INTERNATIONAL STANDARD BOOK NUMBER | |
| International Standard Book Number | 0876302436 |
| 040 ## - CATALOGING SOURCE | |
| Transcribing agency | Nust |
| 082 00 - DEWEY DECIMAL CLASSIFICATION NUMBER | |
| Classification number | 616.80475,SMA |
| 100 1# - MAIN ENTRY--PERSONAL NAME | |
| Personal name | Small, Leonard, |
| 9 (RLIN) | 100489 |
| 245 10 - TITLE STATEMENT | |
| Title | Neuropsychodiagnosis in psychotherapy / |
| Statement of responsibility, etc. | Leonard Small. |
| 250 ## - EDITION STATEMENT | |
| Edition statement | Rev. ed. |
| 260 ## - PUBLICATION, DISTRIBUTION, ETC. | |
| Place of publication, distribution, etc. | New York : |
| Name of publisher, distributor, etc. | Brunner/Mazel, |
| Date of publication, distribution, etc. | c1980. |
| 300 ## - PHYSICAL DESCRIPTION | |
| Extent | xxxiii, 407 p. ; |
| Dimensions | 24 cm. |
| 505 ## - FORMATTED CONTENTS NOTE | |
| Formatted contents note | Symptoms and Syndromes of Special Concern to the Psychotherapist (Page-3), Applications for Psychotherapist (Page-259), Neuropsychology and Neuropsychodiagnosis (Page-321). |
| 650 #0 - SUBJECT ADDED ENTRY--TOPICAL TERM | |
| Topical term or geographic name entry element | Brain |
| General subdivision | Diseases |
| -- | Diagnosis. |
| 9 (RLIN) | 100490 |
| 650 #0 - SUBJECT ADDED ENTRY--TOPICAL TERM | |
| Topical term or geographic name entry element | Mental disorders |
| General subdivision | Diagnosis. |
| 9 (RLIN) | 5538 |
| 650 #0 - SUBJECT ADDED ENTRY--TOPICAL TERM | |
| Topical term or geographic name entry element | Nervous system diseases |
| General subdivision | Diagnosis. |
| 9 (RLIN) | 100491 |
| 650 #0 - SUBJECT ADDED ENTRY--TOPICAL TERM | |
| Topical term or geographic name entry element | Neuropsychology. |
| 9 (RLIN) | 28650 |
| 650 #0 - SUBJECT ADDED ENTRY--TOPICAL TERM | |
| Topical term or geographic name entry element | Psychodiagnostics. |
| 9 (RLIN) | 3569 |
| 650 #0 - SUBJECT ADDED ENTRY--TOPICAL TERM | |
| Topical term or geographic name entry element | Psychotherapy. |
| 9 (RLIN) | 4392 |
| 650 #0 - SUBJECT ADDED ENTRY--TOPICAL TERM | |
| Topical term or geographic name entry element | Psychotherapy. |
| 9 (RLIN) | 4392 |
| 942 ## - ADDED ENTRY ELEMENTS (KOHA) | |
| Source of classification or shelving scheme | |
| Koha item type | Book |
| Withdrawn status | Lost status | Source of classification or shelving scheme | Damaged status | Not for loan | Permanent Location | Current Location | Shelving location | Date acquired | Full call number | Barcode | Date last seen | Price effective from | Koha item type | Public note |
|---|---|---|---|---|---|---|---|---|---|---|---|---|---|---|
| Military College of Signals (MCS) | Military College of Signals (MCS) | General Stacks | 12/12/2016 | 616.80475,SMA | MCS20848 | 12/08/2016 | 12/12/2016 | Book | Almirah No.26, Shelf No.4 |
